|
|
|
|
| LEADER |
01595nam a2200397 a 4500 |
| 001 |
EBC3040855 |
| 003 |
MiAaPQ |
| 005 |
20200520144314.0 |
| 006 |
m o d | |
| 007 |
cr cn||||||||| |
| 008 |
720104s1971 ne ad sb 000 0 eng d |
| 010 |
|
|
|z 70129142
|
| 020 |
|
|
|z 9783111186726
|
| 020 |
|
|
|a 9783111557120 (electronic bk.)
|
| 035 |
|
|
|a (MiAaPQ)EBC3040855
|
| 035 |
|
|
|a (Au-PeEL)EBL3040855
|
| 035 |
|
|
|a (CaPaEBR)ebr10590297
|
| 035 |
|
|
|a (OCoLC)927459896
|
| 040 |
|
|
|a MiAaPQ
|c MiAaPQ
|d MiAaPQ
|
| 041 |
0 |
|
|a eng
|a fre
|
| 050 |
|
4 |
|a HC60
|b .F67 1971
|
| 082 |
0 |
4 |
|a 338.91
|
| 245 |
0 |
0 |
|a Foreign aid to newly independent countries
|h [electronic resource] :
|b problems and orientations = Aide exterieure aux pays recemment independants : problemes et orientations /
|c edited by Ester Boserup, Ignacy Sachs.
|
| 246 |
3 |
1 |
|a Aide exterieure aux pays recemment independants
|
| 260 |
|
|
|a The Hague :
|b Mouton,
|c 1971.
|
| 300 |
|
|
|a x, 184 p. :
|b ill.
|
| 490 |
0 |
|
|a Publications of the European Coordination Centre for Research and Documentation in the Social Sciences ;
|v 1
|
| 500 |
|
|
|a English and/or French.
|
| 504 |
|
|
|a Includes bibliographical references.
|
| 533 |
|
|
|a Electronic reproduction. Ann Arbor, MI : ProQuest, 2015. Available via World Wide Web. Access may be limited to ProQuest affiliated libraries.
|
| 650 |
|
0 |
|a Economic assistance.
|
| 655 |
|
4 |
|a Electronic books.
|
| 700 |
1 |
|
|a Boserup, Ester.
|
| 700 |
1 |
|
|a Sachs, Ignacy.
|
| 710 |
2 |
|
|a ProQuest (Firm)
|
| 856 |
4 |
0 |
|u https://ebookcentral.proquest.com/lib/matrademy/detail.action?docID=3040855
|z Click to View
|